000 00556nam a2200181Ia 4500
005 20250508160457.0
008 008 250505s9999 xx 000 0 eng d
037 _aTextual
040 _aFEDL
_beng
_cFEDL
041 _aeng
_2eng
084 _a330.19609546, NAT
_qFEDL
245 0 _aTechno-economic survey of Jammu and Kashmir
260 _aNew Delhi, India
_bNational Council of Applied Economic Research
_c1969
300 _axiii,268p.
650 _aEconomics
942 _cTEXL
_h330.19609546, NAT
999 _c1364847
_d1364847